000 00437nam a2200205Ia 4500
001 12051
003 GE_BSU
008 181216s||||||||xx |||||||||||||| ||und||
020 _a978000739106
040 _cGE_BSU
080 _a821.111-32
100 _aCrichton,Michael
245 _aPirate Latitudes
260 _aLondon
260 _bHarper
260 _c2010.
300 _a387p;20cm.
653 _aPirate Latitudes
942 _cBK
999 _c45228
_d45228